Second-order nonlinear optical characterization techniques (Record no. 67437)

MARC details
000 -LEADER
fixed length control field 00942 2200193 4500
005 - DATE AND TIME OF LATEST TRANSACTION
control field 2011071208118.0
008 - FIXED-LENGTH DATA ELEMENTS--GENERAL INFORMATION
fixed length control field 110712t xxu||||| |||| 00| 0 eng d
080 ## - UNIVERSAL DECIMAL CLASSIFICATION NUMBER
Universal Decimal Classification number 535
Item number VER
100 ## - MAIN ENTRY--PERSONAL NAME
Personal name Verbiest, Thierry
245 ## - TITLE STATEMENT
Title Second-order nonlinear optical characterization techniques
Remainder of title an introduction
Statement of responsibility, etc Thierry Verbiest, Koen Clays and Vincent Rodriguez
300 ## - PHYSICAL DESCRIPTION
Extent xiii, 185p.
653 ## - INDEX TERM--UNCONTROLLED
Uncontrolled term Materials-Optical properties
-- Materials-Analysis--Technique
-- Surfaces (Technology)--Analysis--Technique
-- Molecular structure--Optical aspects
-- Optical measurements--Technique
-- Nonlinear optics
-- Second harmonic generation
700 ## - ADDED ENTRY--PERSONAL NAME
Personal name Clays, Koen
700 ## - ADDED ENTRY--PERSONAL NAME
Personal name Rodriguez, Vincent
942 ## - ADDED ENTRY ELEMENTS (KOHA)
item type Books
260 ## - PUBLICATION, DISTRIBUTION, ETC. (IMPRINT)
Place of publication, distribution, etc Boca Ration
Name of publisher, distributor, etc CRC
Date of publication, distribution, etc 2009
020 ## - INTERNATIONAL STANDARD BOOK NUMBER
International Standard Book Number 9781420070712
260 ## - PUBLICATION, DISTRIBUTION, ETC. (IMPRINT)
-- 13887
Holdings
Lost status Source of classification or shelving scheme Not for loan Home library Current library Shelving location Date acquired Cost, normal purchase price Total Checkouts Full call number Barcode Date last seen Date checked out Cost, replacement price Price effective from Koha item type
  Universal Decimal Classification   University Library University Library General Stacks 02/11/2010 4216.00 3 535 VER 00064654 31/01/2015 31/12/2014 5270.00 02/11/2010 Books
University Library, CUSAT